| 000 | 00685cam a2200277 4500 | ||
|---|---|---|---|
| 001 | 29775 | ||
| 010 | _a9724115011 | ||
| 005 | 20220405165408.0 | ||
| 021 |
_aPT _b76282/94 |
||
| 035 | _a(porbase)454644 | ||
| 090 | _a29775 | ||
| 095 | _aPTBN00657057 | ||
| 100 | _a20090204d1994 a y0pory5003 ba | ||
| 101 | 0 | _apor | |
| 102 | _aPT | ||
| 105 | _aa z 000ay | ||
| 106 | _ar | ||
| 930 | _lBECRE | ||
| 675 |
_a087.5 _vBN _zpor |
||
| 700 | 1 |
_aRui, _bJosé, _f1930- |
|
| 200 | 1 |
_aAventura do passado perdido _evida e obra de Francisco Martins Sarmento _fJosé Ruy |
|
| 205 | _a1a ed | ||
| 210 |
_aPorto _cAsa, _d1994 |
||
| 215 |
_a32 p. _ctodo il. _d30 cm |
||
| 801 | 0 |
_aPT _bBN _gRPC |
|
| 990 | _cLIVROS | ||